The Falcon and The Winter Soldier (2021): Characters by Picture - Statistics

General Stats
  • This quiz has been taken 32 times
  • The average score is 11 of 17
Answer Stats
Picture Answer % Correct
Captain America
100%
Bucky Barnes
97%
U.S. Agent
97%
Baron Zemo
90%
Sharon Carter
86%
James Rhodes (Raava)
76%
Joaquín Torres
76%
Contessa Valentina Allegra de Fontaine
69%
Flag Smasher
62%
Battlestar
59%
Isaiah Bradley
59%
Ayo
55%
Sarah Wilson
52%
Eli Bradley
45%
Batroc the Leaper
41%
Yori Nakajima
24%
Wilfred Nagel
21%
No matching quizzes found
Score Distribution
Percent of People with Each Score
Percentile by Number Answered
Your Score History
You have not taken this quiz